| Tag |
First Indicator |
Second Indicator |
Subfields |
| LEADER |
00000cam a2200000 i 4500 |
| 001 |
in00003740949 |
| 005 |
20211120181521.0 |
| 006 |
m o d f |
| 007 |
cr mn||||||||| |
| 008 |
161216s2000 nbua ob f000 0 eng c |
| 035 |
|
|
|a (OCoLC)ocn966319846
|
| 040 |
|
|
|a GPO
|b eng
|e rda
|e pn
|c GPO
|d MvI
|d UtOrBLW
|
| 042 |
|
|
|a pcc
|
| 043 |
|
|
|a n-us-ar
|
| 049 |
|
|
|a WWW
|
| 074 |
|
|
|a 0646-A-06 (online)
|
| 086 |
0 |
|
|a I 29.59/9-3:68
|
| 100 |
1 |
|
|a Scott, Douglas D.,
|e author.
|0 http://id.loc.gov/authorities/names/n78061353
|
| 245 |
1 |
0 |
|a Archeological investigations conducted in support of the Fort Smith barracks/courthouse/jail rehabilitation /
|c by Douglas D. Scott and William J. Hunt, Jr.
|
| 264 |
|
1 |
|a Lincoln, Nebraska :
|b United States Department of the Interior, National Park Service, Midwest Archeological Center,
|c 2000.
|
| 300 |
|
|
|a 1 online resource (vi, 112 pages) :
|b illustrations (some color).
|
| 336 |
|
|
|a text
|b txt
|2 rdacontent
|
| 337 |
|
|
|a computer
|b c
|2 rdamedia
|
| 338 |
|
|
|a online resource
|b cr
|2 rdacarrier
|
| 490 |
1 |
|
|a Technical report / Midwest Archeological Center ;
|v no. 68
|
| 504 |
|
|
|a Includes bibliographical references (pages 25-28).
|
| 588 |
|
|
|a Description based on online resource; title from PDF title page (NPS web site, viewed Dec. 16, 2016).
|
| 650 |
|
0 |
|a Excavations (Archaeology)
|z Arkansas
|z Fort Smith.
|
| 651 |
|
0 |
|a Fort Smith National Historic Site (Fort Smith, Ark.)
|x Antiquities.
|
| 651 |
|
0 |
|a Fort Smith (Ark.)
|x Antiquities.
|
| 650 |
|
0 |
|a Indians of North America
|z Arkansas
|z Fort Smith
|x Antiquities.
|
| 700 |
1 |
|
|a Hunt, William J.,
|c Jr.,
|e author.
|0 http://id.loc.gov/authorities/names/n87830916
|
| 710 |
2 |
|
|a Midwest Archeological Center (U.S.),
|e issuing body.
|0 http://id.loc.gov/authorities/names/n82075887
|
| 776 |
0 |
8 |
|i Print version:
|a Scott, Douglas D.
|t Archeological investigations conducted in support of the Fort Smith barracks/courthouse/jail rehabilitation
|w (DLC) 2001337229
|w (OCoLC)45862940
|
| 830 |
|
0 |
|a Technical report (Midwest Archeological Center (U.S.)) ;
|v no. 68.
|0 http://id.loc.gov/authorities/names/n92059132
|
| 856 |
4 |
0 |
|u https://purl.fdlp.gov/GPO/gpo75798
|t 0
|
| 999 |
f |
f |
|s e0060fd8-a381-3b0b-bc06-21b10e4ca802
|i 06d47cea-83dc-3df4-a1ee-8ce7d24431d3
|t 0
|
| 952 |
f |
f |
|a Texas A&M University
|b College Station
|c Electronic Resources
|d Available Online
|t 0
|e I 29.59/9-3:68
|h Superintendent of Documents classification
|
| 998 |
f |
f |
|a I 29.59/9-3:68
|t 0
|l Available Online
|